Statistiques concernant L'équipe de France à l'Euro

Cliquez ici pour prendre le quiz!

Statistiques générales

  • Ce quiz a été pris 76 fois
  • Le résultat moyen est 36 sur 39

Statistiques - réponses

EuroCompétitionAdversaireScore% Correct
2016Demi-finalesAllemagne2-0
100%
19961er tourEspagne1-1
100%
2012Quarts de finaleEspagne0-2
100%
1984FinaleEspagne2-0
100%
2000Quarts de finaleEspagne2-1
100%
20081er tourItalie0-2
100%
2000FinaleItalie2-1 (beo)
100%
2016FinalePortugal0-1 (ap)
100%
2000Demi-finalesPortugal2-1 (beo)
100%
1984Demi-finalesPortugal3-2 (ap)
100%
20121er tourAngleterre1-1
97%
19921er tourAngleterre0-0
97%
20041er tourAngleterre2-1
97%
19841er tourBelgique5-0
97%
20041er tourSuisse3-1
97%
20161er tourSuisse0-0
97%
2004Quarts de finaleGrèce0-1
95%
2016Huitièmes de finaleIrlande2-1
95%
19921er tourSuède1-1
95%
20121er tourSuède0-2
95%
2016Quarts de finaleIslande5-2
92%
20001er tourPays-Bas2-3
92%
1996Quarts de finalePays-Bas0-0 (5-4 tab)
92%
20081er tourPays-Bas1-4
92%
1996Demi-finalesRépublique Tchèque0-0 (5-6 tab)
91%
20161er tourRoumanie2-1
91%
19961er tourRoumanie1-0
91%
20081er tourRoumanie0-0
91%
19841er tourDanemark1-0
89%
19921er tourDanemark1-2
89%
20001er tourDanemark3-0
89%
20121er tourUkraine2-0
86%
20041er tourCroatie2-2
84%
19841er tourYougoslavie3-2
84%
1960Demi-finalesYougoslavie4-5
84%
1960Troisième placeTchécoslovaquie0-2
83%
20161er tourAlbanie2-0
75%
19961er tourBulgarie3-1
67%
20001er tourRépublique Tchèque2-1
50%

Distribution des résultats

Percentile par nombre de réponses

% des personnes avec chaque résultat

Votre développement - résultats

Vous n’avez pas pris ce quiz